000 00515nam a2200133 a 4500
001 000031890
005 20200930063247.0
008 110707s2006 dr 000 0 spa d
040 _aDO-SdBNP
_bspa
_cBNPHU
082 _a382.9
_bN384
245 0 0 _aNegociación del Tratado de Libre Comercio entre República Dominicana, Estados Unidos y Centroamérica :
_binforme del TLC entre RD, E.U. y Centroamérica.
260 _aSanto Domingo :
_bSecretaría de Estado de Industria y Comercio,
_c2006.
300 _a12 p. ;
_c27 cm.
999 _c31381
_d31381